header

Kith, kin, and neighbors (Record no. 6613)

MARC details
000 -LEADER
fixed length control field 01862nam a2200349 a 4500
001 - CONTROL NUMBER
control field ebr10699910
003 - CONTROL NUMBER IDENTIFIER
control field CaPaEBR
006 - FIXED-LENGTH DATA ELEMENTS--ADDITIONAL MATERIAL CHARACTERISTICS--GENERAL INFORMATION
fixed length control field m o u
007 - PHYSICAL DESCRIPTION FIXED FIELD--GENERAL INFORMATION
fixed length control field cr cn|||||||||
008 - FIXED-LENGTH DATA ELEMENTS--GENERAL INFORMATION
fixed length control field 121007s2013 nyua sb 001 0 eng d
010 ## - LIBRARY OF CONGRESS CONTROL NUMBER
Canceled/invalid LC control number 2012041071
020 ## - INTERNATIONAL STANDARD BOOK NUMBER
Cancelled/invalid ISBN 9780801451287 (cloth : alk. paper)
Cancelled/invalid ISBN 9780801467530 (e-book)
040 ## - CATALOGING SOURCE
Original cataloging agency CaPaEBR
Transcribing agency CaPaEBR
035 ## - SYSTEM CONTROL NUMBER
System control number (OCoLC)844164751
043 ## - GEOGRAPHIC AREA CODE
Geographic area code e-li---
050 14 - LIBRARY OF CONGRESS CALL NUMBER
Classification number DK505.935
Item number .F75 2013eb
082 04 - DEWEY DECIMAL CLASSIFICATION NUMBER
Classification number 947.93
Edition number 23
100 1# - MAIN ENTRY--PERSONAL NAME
Personal name Frick, David A.
245 10 - TITLE STATEMENT
Title Kith, kin, and neighbors
Medium [electronic resource] :
Remainder of title communities and confessions in seventeenth-century Wilno /
Statement of responsibility, etc David Frick.
260 ## - PUBLICATION, DISTRIBUTION, ETC. (IMPRINT)
Place of publication, distribution, etc Ithaca :
Name of publisher, distributor, etc Cornell University Press,
Date of publication, distribution, etc 2013.
300 ## - PHYSICAL DESCRIPTION
Extent xxiv, 529 p. :
Other physical details ill.
504 ## - BIBLIOGRAPHY, ETC. NOTE
Bibliography, etc Includes bibliographical references and index.
505 0# - FORMATTED CONTENTS NOTE
Formatted contents note Over the quartermaster's shoulder -- The neighbors -- One roof, four walls -- The bells of Wilno -- Speaking, writing, stereotyping -- Birth, baptism, godparenting -- Education and apprenticeship -- Courtship and marriage -- Marital discontents -- Guild house, workshop, guild altar -- Going to law : the language of litigation -- War, occupation, exile, liberation (1655-1661) -- Old age and poor relief -- Death in Wilno -- Epilogue : conflict and coexistence.
533 ## - REPRODUCTION NOTE
Type of reproduction Electronic reproduction.
Place of reproduction Palo Alto, Calif. :
Agency responsible for reproduction ebrary,
Date of reproduction 2013.
Note about reproduction Available via World Wide Web.
-- Access may be limited to ebrary affiliated libraries.
651 #0 - SUBJECT ADDED ENTRY--GEOGRAPHIC NAME
Geographic name Vilnius (Lithuania)
General subdivision History
Chronological subdivision 17th century.
Geographic name Vilnius (Lithuania)
General subdivision Social life and customs
Chronological subdivision 17th century.
Geographic name Vilnius (Lithuania)
General subdivision Religion
Chronological subdivision 17th century.
655 #7 - INDEX TERM--GENRE/FORM
Genre/form data or focus term Electronic books.
Source of term local
710 2# - ADDED ENTRY--CORPORATE NAME
Corporate name or jurisdiction name as entry element ebrary, Inc.
856 40 - ELECTRONIC LOCATION AND ACCESS
Uniform Resource Identifier <a href="http://site.ebrary.com/lib/rucke/Doc?id=10699910">http://site.ebrary.com/lib/rucke/Doc?id=10699910</a>
Public note An electronic book accessible through the World Wide Web; click to view

No items available.

© 2026 Rongo University
Contact us: librarian | system librarian | Rongo university